000 00835nam a22001937a 4500
999 _c187362
_d187362
005 20220413121017.0
010 _aUR-11517
020 _c250.00
_a-
035 _aU-10072
037 _bDBAD/PUB
_a-
082 _a840.54
_2Ist
100 _aمحمد نصير الد ين منشا و ی
245 _aعلا مہ شبلی نعما نی کی سو ا نح نگا ر يو ں کا ا د بی و تا ر يخی چا يز ہ
_c محمد نصير الد ين منشا و ی
_hا ر د و
246 _bAllama Shibli Nomani Ki Sawaneh Nigariyoon Ka Adabi -o-Tareekhi Jaiza(Urdu)
_aby Mohd. Naseeruddin Minshavi
260 _aTilangana
_bUrdu Academy (Tilangana)
_c2019 ء
270 _aShoba-e-Urdu Jamia Usmania ,
_bHyderabad
_e-
_k09393072196
_l-
300 _a154 ص
_c22 Cm(Hb)
942 _2ddc
_cUR
_h840.54
_mش ب ل